[Event "Stay Safe Play From Home 422"]
[Site "Emanuel Lasker Arena"]
[Date "2020.08.30"]
[Round "5"]
[White "APConnection"]
[Black "Sadbat1122"]
[Result "1-0"]
[WhiteElo "1698"]
[BlackElo "1667"]
[Annotator "NA"]
[PlyCount "119"]
[EventDate "2020.08.30"]
[EventType "swiss (blitz)"]

1. c4 {[%emt 0:00:05]} e6 {[%emt 0:00:03]} 2. Nc3 {[%emt 0:00:00]} Nf6 {[%emt 0:00:02]} 3. e4 {[%emt 0:00:01]} Nc6 {[%emt 0:00:03]} 4. Nge2 {[%emt 0:00:02]} Bb4 {[%emt 0:00:02]} 5. d3 {[%emt 0:00:11]} d5 {[%emt 0:00:05]} 6. a3 {[%emt 0:00:11]} Bxc3+ {[%emt 0:00:05]} 7. Nxc3 {[%emt 0:00:02]} dxc4 {[%emt 0:00:02]} 8. dxc4 {[%emt 0:00:01]} Qxd1+ {[%emt 0:00:03]} 9. Kxd1 {[%emt 0:00:00]} O-O {[%emt 0:00:06]} 10. h3 {[%emt 0:00:05]} Nd4 {[%emt 0:00:04]} 11. Be3 {[%emt 0:00:04]} Nb3 {[%emt 0:00:06]} 12. Rb1 {[%emt 0:00:01]} Rd8+ {[%emt 0:00:11]} 13. Kc2 {[%emt 0:00:01]} Nd4+ {[%emt 0:00:02]} 14. Bxd4 {[%emt 0:00:02]} Rxd4 {[%emt 0:00:02]} 15. Bd3 {[%emt 0:00:05]} a6 {[%emt 0:00:03]} 16. f3 {[%emt 0:00:01]} Bd7 {[%emt 0:00:04]} 17. Rbd1 {[%emt 0:00:02]} Bc6 {[%emt 0:00:02]} 18. b3 {[%emt 0:00:01]} Rad8 {[%emt 0:00:03]} 19. Be2 {[%emt 0:00:04]} Rxd1 {[%emt 0:00:04]} 20. Nxd1 {[%emt 0:00:00]} Nh5 {[%emt 0:00:09]} 21. Bd3 {[%emt 0:00:11]} Nf4 {[%emt 0:00:05]} 22. Bf1 {[%emt 0:00:09]} h5 {[%emt 0:00:10]} 23. g3 {[%emt 0:00:01]} Ng6 {[%emt 0:00:03]} 24. Bd3 {[%emt 0:00:20]} Ne5 {[%emt 0:00:05]} 25. Be2 {[%emt 0:00:03]} f5 {[%emt 0:00:08]} 26. Nf2 {[%emt 0:00:12]} fxe4 {[%emt 0:00:04]} 27. Nxe4 {[%emt 0:00:01]} Bxe4+ {[%emt 0:00:07]} 28. fxe4 {[%emt 0:00:01]} g6 {[%emt 0:00:03]} 29. Rf1 {[%emt 0:00:04]} Kg7 {[%emt 0:00:02]} 30. g4 {[%emt 0:00:04]} hxg4 {[%emt 0:00:04]} 31. Bxg4 {[%emt 0:00:03]} Rd6 {[%emt 0:00:13]} 32. Kc3 {[%emt 0:00:39]} c5 {[%emt 0:00:05]} 33. Be2 {[%emt 0:00:07]} b6 {[%emt 0:00:10]} 34. Rg1 {[%emt 0:00:03]} Kh6 {[%emt 0:00:06]} 35. b4 {[%emt 0:00:06]} cxb4+ {[%emt 0:00:03]} 36. axb4 {[%emt 0:00:01]} Rc6 {[%emt 0:00:07]} 37. Ra1 {[%emt 0:00:03]} b5 {[%emt 0:00:04]} 38. c5 {[%emt 0:00:01]} g5 {[%emt 0:00:07]} 39. Rd1 {[%emt 0:00:02]} Kg6 {[%emt 0:00:06]} 40. Rd8 {[%emt 0:00:02]} Kf6 {[%emt 0:00:19]} 41. Rf8+ {[%emt 0:00:08]} Ke7 {[%emt 0:00:03]} 42. Rg8 {[%emt 0:00:05]} Kf6 {[%emt 0:00:02]} 43. Kd4 {[%emt 0:00:04]} Nf7 {[%emt 0:00:07]} 44. Rf8 {[%emt 0:00:10]} Ke7 {[%emt 0:00:06]} 45. Ra8 {[%emt 0:00:02]} Nd8 {[%emt 0:00:15]} 46. Bf3 {[%emt 0:00:03]} Nf7 {[%emt 0:00:08]} 47. Ra7+ {[%emt 0:00:03]} Kf8 {[%emt 0:00:03]} 48. e5 {[%emt 0:00:01]} Rc8 {[%emt 0:00:13]} 49. Bh5 {[%emt 0:00:01]} Rd8+ {[%emt 0:00:03]} 50. Ke4 {[%emt 0:00:00]} Nh6 {[%emt 0:00:08]} 51. Rxa6 {[%emt 0:00:03]} Nf5 {[%emt 0:00:03]} 52. Rxe6 {[%emt 0:00:03]} Ng3+ {[%emt 0:00:03]} 53. Kf3 {[%emt 0:00:02]} Nxh5 {[%emt 0:00:01]} 54. Kg4 {[%emt 0:00:04]} Ng7 {[%emt 0:00:02]} 55. Rb6 {[%emt 0:00:02]} Rd4+ {[%emt 0:00:04]} 56. Kxg5 {[%emt 0:00:00]} Rxb4 {[%emt 0:00:02]} 57. h4 {[%emt 0:00:08]} Rb1 {[%emt 0:00:04]} 58. Kf6 {[%emt 0:00:01]} Ne8+ {[%emt 0:00:02]} 59. Ke6 {[%emt 0:00:01]} Nc7+ {[%emt 0:00:02]} 60. Kf6 {[%emt 0:00:05] Time Time Time} 1-0

[Event "Stay Safe Play From Home 422"]
[Site "Emanuel Lasker Arena"]
[Date "2020.08.30"]
[Round "5"]
[White "ansari11"]
[Black "W Nelles"]
[Result "0-1"]
[WhiteElo "1451"]
[BlackElo "1371"]
[Annotator "NA"]
[PlyCount "68"]
[EventDate "2020.08.30"]
[EventType "swiss (blitz)"]

{ansari11 reconnected.} 1. e4 {[%emt 0:00:40]} e5 {[%emt 0:00:08]} 2. Nf3 {[%emt 0:00:01]} d6 {[%emt 0:00:02]} 3. Bc4 {[%emt 0:00:01]} Bg4 {[%emt 0:00:01]} 4. d3 {[%emt 0:00:04]} Nd7 {[%emt 0:00:03]} 5. Be3 {[%emt 0:00:02]} c6 {[%emt 0:00:05]} 6. O-O {[%emt 0:00:01]} b5 {[%emt 0:00:01]} 7. Bb3 {[%emt 0:00:04]} a5 {[%emt 0:00:01]} 8. a4 {[%emt 0:00:01]} c5 {[%emt 0:00:06]} 9. axb5 {[%emt 0:00:03]} Qb6 {[%emt 0:00:04]} 10. c4 {[%emt 0:00:06]} f6 {[%emt 0:00:08]} 11. Nc3 {[%emt 0:00:04]} Ne7 {[%emt 0:00:02]} 12. Nd5 {[%emt 0:00:06]} Nxd5 {[%emt 0:00:02]} 13. exd5 {[%emt 0:00:02]} Be7 {[%emt 0:00:03]} 14. Re1 {[%emt 0:00:03]} O-O {[%emt 0:00:03]} 15. h3 {[%emt 0:00:04]} Bh5 {[%emt 0:00:03]} 16. g4 {[%emt 0:00:01]} Bg6 {[%emt 0:00:05]} 17. Nh4 {[%emt 0:00:03]} f5 {[%emt 0:00:11]} 18. Nxg6 {[%emt 0:00:02]} hxg6 {[%emt 0:00:01]} 19. f3 {[%emt 0:00:08]} f4 {[%emt 0:00:01]} 20. Bf2 {[%emt 0:00:03]} Nf6 {[%emt 0:00:07]} 21. Qe2 {[%emt 0:00:02]} g5 {[%emt 0:00:07]} 22. Bc2 {[%emt 0:00:05]} Kf7 {[%emt 0:00:08]} 23. Ra2 {[%emt 0:00:06]} Rh8 {[%emt 0:00:01]} 24. Rea1 {[%emt 0:00:12]} Rxh3 {[%emt 0:00:05]} 25. Kg2 {[%emt 0:00:01]} Rah8 {[%emt 0:00:04]} 26. Rxa5 {[%emt 0:00:10]} Rh2+ {[%emt 0:00:03]} 27. Kf1 {[%emt 0:00:02]} Rh1+ {[%emt 0:00:08]} 28. Bg1 {[%emt 0:00:01]} R8h2 {[%emt 0:00:13]} 29. Qd1 {[%emt 0:00:10]} Qb8 {[%emt 0:00:16]} 30. Ra6 {[%emt 0:00:40]} Qh8 {[%emt 0:00:02]} 31. Qe2 {[%emt 0:00:11]} Qh3+ {[%emt 0:00:03]} 32. Ke1 {[%emt 0:00:04]} Rxg1+ {[%emt 0:00:10]} 33. Kd2 {[%emt 0:00:04]} Rxe2+ {[%emt 0:00:02]} 34. Kxe2 {[%emt 0:00:04]} Qg2# {[%emt 0:00:01] Mate Mate Mate} 0-1

[Event "Stay Safe Play From Home 422"]
[Site "Emanuel Lasker Arena"]
[Date "2020.08.30"]
[Round "6"]
[White "Hickey"]
[Black "APConnection"]
[Result "1-0"]
[WhiteElo "2071"]
[BlackElo "1714"]
[Annotator "NA"]
[PlyCount "143"]
[EventDate "2020.08.30"]
[EventType "swiss (blitz)"]

1. Nf3 {[%emt 0:00:03]} g6 {[%emt 0:00:02]} 2. b3 {[%emt 0:00:00]} Bg7 {[%emt 0:00:00]} 3. d4 {[%emt 0:00:15]} d5 {[%emt 0:00:05]} 4. Bb2 {[%emt 0:00:01]} Nf6 {[%emt 0:00:06]} 5. Nbd2 {[%emt 0:00:15]} O-O {[%emt 0:00:01]} 6. e3 {[%emt 0:00:00]} c6 {[%emt 0:00:05]} 7. Bd3 {[%emt 0:00:01]} Re8 {[%emt 0:00:01]} 8. h4 {[%emt 0:00:00]} h6 {[%emt 0:00:02]} 9. h5 {[%emt 0:00:02]} g5 {[%emt 0:00:01]} 10. Ne5 {[%emt 0:00:02]} Nbd7 {[%emt 0:00:04]} 11. f4 {[%emt 0:00:01]} Nxe5 {[%emt 0:00:02]} 12. fxe5 {[%emt 0:00:01]} Nh7 {[%emt 0:00:08]} 13. Qf3 {[%emt 0:00:02]} f6 {[%emt 0:00:07]} 14. O-O-O {[%emt 0:00:10]} Rf8 {[%emt 0:00:06]} 15. exf6 {[%emt 0:00:10]} exf6 {[%emt 0:00:06]} 16. e4 {[%emt 0:00:04]} g4 {[%emt 0:00:17]} 17. Qf4 {[%emt 0:00:09]} Ng5 {[%emt 0:00:20]} 18. exd5 {[%emt 0:00:32]} cxd5 {[%emt 0:00:04]} 19. Rh4 {[%emt 0:00:03]} f5 {[%emt 0:00:13]} 20. Rhh1 {[%emt 0:00:07]} Ne4 {[%emt 0:00:02]} 21. Kb1 {[%emt 0:00:13]} Be6 {[%emt 0:00:11]} 22. c4 {[%emt 0:00:03]} Qg5 {[%emt 0:00:24]} 23. Qxg5 {[%emt 0:00:15]} Nxg5 {[%emt 0:00:08]} 24. Rhe1 {[%emt 0:00:02]} Rfe8 {[%emt 0:00:08]} 25. g3 {[%emt 0:00:15]} Ne4 {[%emt 0:00:06]} 26. Nxe4 {[%emt 0:00:17]} dxe4 {[%emt 0:00:07]} 27. Bc2 {[%emt 0:00:03]} Bf7 {[%emt 0:00:07]} 28. d5 {[%emt 0:00:03]} Bxb2 {[%emt 0:00:05]} 29. Kxb2 {[%emt 0:00:00]} Bxh5 {[%emt 0:00:00]} 30. Rh1 {[%emt 0:00:04]} Bg6 {[%emt 0:00:08]} 31. Rxh6 {[%emt 0:00:07]} Kf7 {[%emt 0:00:01]} 32. d6 {[%emt 0:00:03]} Rad8 {[%emt 0:00:05]} 33. c5 {[%emt 0:00:03]} Kg7 {[%emt 0:00:08]} 34. Rhh1 {[%emt 0:00:08]} Re5 {[%emt 0:00:14]} 35. b4 {[%emt 0:00:08]} Kf6 {[%emt 0:00:18]} 36. Bb3 {[%emt 0:00:06]} Kg5 {[%emt 0:00:03]} 37. Rd5 {[%emt 0:00:09]} Rxd5 {[%emt 0:00:04]} 38. Bxd5 {[%emt 0:00:00]} Rd7 {[%emt 0:00:00]} 39. Rh8 {[%emt 0:00:09]} f4 {[%emt 0:00:01]} 40. gxf4+ {[%emt 0:00:01]} Kxf4 {[%emt 0:00:01]} 41. Bxb7 {[%emt 0:00:04]} Rxb7 {[%emt 0:00:12]} 42. c6 {[%emt 0:00:01]} Rxb4+ {[%emt 0:00:01]} 43. Kc3 {[%emt 0:00:01]} Rb6 {[%emt 0:00:05]} 44. c7 {[%emt 0:00:06]} Bf5 {[%emt 0:00:03]} 45. Rf8 {[%emt 0:00:01]} Rc6+ {[%emt 0:00:01]} 46. Kb4 {[%emt 0:00:03]} Ke5 {[%emt 0:00:02]} 47. Rxf5+ {[%emt 0:00:06]} Kxf5 {[%emt 0:00:04]} 48. d7 {[%emt 0:00:03]} Rxc7 {[%emt 0:00:00]} 49. d8=Q {[%emt 0:00:02]} Rb7+ {[%emt 0:00:00]} 50. Ka5 {[%emt 0:00:02]} Rf7 {[%emt 0:00:04]} 51. Qd5+ {[%emt 0:00:06]} Kf6 {[%emt 0:00:05]} 52. Qxe4 {[%emt 0:00:00]} Rg7 {[%emt 0:00:00]} 53. Qd4+ {[%emt 0:00:01]} Kf7 {[%emt 0:00:01]} 54. Qd5+ {[%emt 0:00:02]} Kf6 {[%emt 0:00:01]} 55. Qd6+ {[%emt 0:00:01]} Kf7 {[%emt 0:00:00]} 56. Qg3 {[%emt 0:00:00]} Kf6 {[%emt 0:00:01]} 57. a4 {[%emt 0:00:01]} Kf5 {[%emt 0:00:01]} 58. Ka6 {[%emt 0:00:01]} Kg5 {[%emt 0:00:00]} 59. a5 {[%emt 0:00:01]} Kf6 {[%emt 0:00:01]} 60. Kb5 {[%emt 0:00:02]} Kf7 {[%emt 0:00:00]} 61. a6 {[%emt 0:00:00]} Kf6 {[%emt 0:00:00]} 62. Qf4+ {[%emt 0:00:00]} Kg6 {[%emt 0:00:02]} 63. Qxg4+ {[%emt 0:00:01]} Kf7 {[%emt 0:00:00]} 64. Qe4 {[%emt 0:00:00]} Kf6 {[%emt 0:00:00]} 65. Qb7 {[%emt 0:00:00]} Kf5 {[%emt 0:00:01]} 66. Qxg7 {[%emt 0:00:02]} Ke4 {[%emt 0:00:01]} 67. Qxa7 {[%emt 0:00:00]} Kd3 {[%emt 0:00:00]} 68. Qb7 {[%emt 0:00:00]} Kc2 {[%emt 0:00:00]} 69. a7 {[%emt 0:00:00]} Kb2 {[%emt 0:00:00]} 70. a8=Q {[%emt 0:00:00]} Kb3 {[%emt 0:00:01]} 71. Qac8 {[%emt 0:00:02]} Kb2 {[%emt 0:00:01]} 72. Kb6 {[%emt 0:00:00] (Lag: Av=0.79s, max=1.3s) (Lag: Av=0.79s, max=1.3s) (Lag: Av=0.79s, max=1.3s)} 1-0

[Event "Stay Safe Play From Home 422"]
[Site "Emanuel Lasker Arena"]
[Date "2020.08.30"]
[Round "6"]
[White "Sfantul321"]
[Black "Nguyen Hong Anh"]
[Result "0-1"]
[WhiteElo "2002"]
[BlackElo "2220"]
[Annotator "NA"]
[PlyCount "80"]
[EventDate "2020.08.30"]
[EventType "swiss (blitz)"]

1. e4 {[%emt 0:00:01]} c5 {[%emt 0:00:01]} 2. Nf3 {[%emt 0:00:01]} Nc6 {[%emt 0:00:04]} 3. d4 {[%emt 0:00:01]} cxd4 {[%emt 0:00:01]} 4. Nxd4 {[%emt 0:00:01]} g6 {[%emt 0:00:01]} 5. c4 {[%emt 0:00:01]} Nf6 {[%emt 0:00:01]} 6. Nc3 {[%emt 0:00:02]} d6 {[%emt 0:00:01]} 7. Be2 {[%emt 0:00:02]} Nxd4 {[%emt 0:00:03]} 8. Qxd4 {[%emt 0:00:01]} Bg7 {[%emt 0:00:00]} 9. O-O {[%emt 0:00:04]} O-O {[%emt 0:00:01]} 10. Bg5 {[%emt 0:00:03]} Be6 {[%emt 0:00:02]} 11. Qd2 {[%emt 0:00:02]} Qa5 {[%emt 0:00:01]} 12. Nd5 {[%emt 0:00:04]} Qxd2 {[%emt 0:00:05]} 13. Nxe7+ {[%emt 0:00:05]} Kh8 {[%emt 0:00:01]} 14. Bxd2 {[%emt 0:00:02]} Nxe4 {[%emt 0:00:01]} 15. Bc1 {[%emt 0:00:07]} Rfe8 {[%emt 0:00:09]} 16. Nd5 {[%emt 0:00:02]} Rac8 {[%emt 0:00:05]} 17. Bf3 {[%emt 0:00:04]} Nc5 {[%emt 0:00:02]} 18. Bf4 {[%emt 0:00:13]} Nd3 {[%emt 0:00:20]} 19. Bxd6 {[%emt 0:00:03]} Nxb2 {[%emt 0:00:01]} 20. Rac1 {[%emt 0:00:10]} Nxc4 {[%emt 0:00:03]} 21. Nc7 {[%emt 0:00:01]} Nxd6 {[%emt 0:00:03]} 22. Nxe8 {[%emt 0:00:02]} Rxe8 {[%emt 0:00:01]} 23. Rc7 {[%emt 0:00:03]} Bxa2 {[%emt 0:00:07]} 24. Bxb7 {[%emt 0:00:04]} Nxb7 {[%emt 0:00:02]} 25. Rxb7 {[%emt 0:00:01]} a5 {[%emt 0:00:01]} 26. Ra7 {[%emt 0:00:04]} Bc3 {[%emt 0:00:02]} 27. h3 {[%emt 0:00:02]} Bb3 {[%emt 0:00:06]} 28. Rc1 {[%emt 0:00:03]} Bd2 {[%emt 0:00:05]} 29. Rb1 {[%emt 0:00:06]} a4 {[%emt 0:00:01]} 30. g3 {[%emt 0:00:02]} Kg7 {[%emt 0:00:07]} 31. Kg2 {[%emt 0:00:02]} Bd5+ {[%emt 0:00:03]} 32. Kf1 {[%emt 0:00:05]} Bc4+ {[%emt 0:00:03]} 33. Kg2 {[%emt 0:00:01]} Bb3 {[%emt 0:00:01]} 34. h4 {[%emt 0:00:06]} Bb4 {[%emt 0:00:03]} 35. f3 {[%emt 0:00:08]} Re2+ {[%emt 0:00:04]} 36. Kh3 {[%emt 0:00:01]} Be6+ {[%emt 0:00:04]} 37. g4 {[%emt 0:00:01]} Bd6 {[%emt 0:00:01]} 38. Rh1 {[%emt 0:00:04]} a3 {[%emt 0:00:01]} 39. f4 {[%emt 0:00:06]} Re3+ {[%emt 0:00:07]} 40. Kg2 {[%emt 0:00:03] Sfantul321 resigns Sfantul321 resigns Sfantul321 resigns} Bxf4 {[%emt 0:00:02]} 0-1

[Event "Stay Safe Play From Home 422"]
[Site "Emanuel Lasker Arena"]
[Date "2020.08.30"]
[Round "6"]
[White "Padmaesh M K"]
[Black "Haris kollari 13"]
[Result "1-0"]
[WhiteElo "1808"]
[BlackElo "1919"]
[Annotator "NA"]
[PlyCount "141"]
[EventDate "2020.08.30"]
[EventType "swiss (blitz)"]

1. Nf3 {[%emt 0:00:03]} d5 {[%emt 0:00:33]} 2. g3 {[%emt 0:00:15]} c5 {[%emt 0:00:01]} 3. Bg2 {[%emt 0:00:01]} Nc6 {[%emt 0:00:01]} 4. d4 {[%emt 0:00:01]} Bg4 {[%emt 0:00:02]} 5. Ne5 {[%emt 0:00:03]} Nxe5 {[%emt 0:00:08]} 6. dxe5 {[%emt 0:00:00]} Qd7 {[%emt 0:00:06]} 7. Qxd5 {[%emt 0:00:04]} O-O-O {[%emt 0:00:14]} 8. Qxd7+ {[%emt 0:00:07]} Rxd7 {[%emt 0:00:02]} 9. Nc3 {[%emt 0:00:01]} e6 {[%emt 0:00:05]} 10. Be3 {[%emt 0:00:04]} b6 {[%emt 0:00:03]} 11. Rd1 {[%emt 0:00:09]} Rxd1+ {[%emt 0:00:03]} 12. Kxd1 {[%emt 0:00:00]} Ne7 {[%emt 0:00:01]} 13. Kc1 {[%emt 0:00:01]} Nf5 {[%emt 0:00:02]} 14. Bd2 {[%emt 0:00:04]} Nd4 {[%emt 0:00:04]} 15. e3 {[%emt 0:00:04]} Ne2+ {[%emt 0:00:03]} 16. Nxe2 {[%emt 0:00:02]} Bxe2 {[%emt 0:00:01]} 17. Re1 {[%emt 0:00:10]} Bb5 {[%emt 0:00:02]} 18. f4 {[%emt 0:00:04]} Be7 {[%emt 0:00:01]} 19. e4 {[%emt 0:00:03]} Rd8 {[%emt 0:00:03]} 20. f5 {[%emt 0:00:02]} Bc6 {[%emt 0:00:03]} 21. Re2 {[%emt 0:00:03]} Kc7 {[%emt 0:00:09]} 22. Bh3 {[%emt 0:00:02]} exf5 {[%emt 0:00:18]} 23. exf5 {[%emt 0:00:02]} Rd4 {[%emt 0:00:04]} 24. c3 {[%emt 0:00:04]} Re4 {[%emt 0:00:06]} 25. Rxe4 {[%emt 0:00:03]} Bxe4 {[%emt 0:00:01]} 26. Bf4 {[%emt 0:00:02]} Kc6 {[%emt 0:00:01]} 27. Kd2 {[%emt 0:00:04]} c4 {[%emt 0:00:08]} 28. Ke3 {[%emt 0:00:04]} Bh1 {[%emt 0:00:05]} 29. Bg4 {[%emt 0:00:02]} Bc5+ {[%emt 0:00:02]} 30. Kd2 {[%emt 0:00:05]} Be4 {[%emt 0:00:03]} 31. Be3 {[%emt 0:00:02]} Be7 {[%emt 0:00:01]} 32. Ke2 {[%emt 0:00:02]} Kd5 {[%emt 0:00:03]} 33. Bd4 {[%emt 0:00:08]} h5 {[%emt 0:00:06]} 34. Bf3 {[%emt 0:00:14]} Bg5 {[%emt 0:00:09]} 35. f6 {[%emt 0:00:17]} gxf6 {[%emt 0:00:03]} 36. exf6 {[%emt 0:00:01]} Bxf3+ {[%emt 0:00:05]} 37. Kxf3 {[%emt 0:00:00]} Ke6 {[%emt 0:00:04]} 38. h3 {[%emt 0:00:16]} Bxf6 {[%emt 0:00:05]} 39. Bxf6 {[%emt 0:00:04]} Kxf6 {[%emt 0:00:01]} 40. Ke4 {[%emt 0:00:02]} Ke6 {[%emt 0:00:06]} 41. h4 {[%emt 0:00:09]} b5 {[%emt 0:00:04]} 42. a3 {[%emt 0:00:03]} f6 {[%emt 0:00:02]} 43. Kf4 {[%emt 0:00:02]} a6 {[%emt 0:00:04]} 44. Ke4 {[%emt 0:00:01]} f5+ {[%emt 0:00:08]} 45. Kf4 {[%emt 0:00:02]} Kf6 {[%emt 0:00:01]} 46. Kf3 {[%emt 0:00:05]} Ke5 {[%emt 0:00:01]} 47. Ke3 {[%emt 0:00:01]} Ke6 {[%emt 0:00:07]} 48. Kd4 {[%emt 0:00:04]} Kd6 {[%emt 0:00:01]} 49. a4 {[%emt 0:00:05]} bxa4 {[%emt 0:00:14]} 50. Kxc4 {[%emt 0:00:03]} Ke5 {[%emt 0:00:01]} 51. Kd3 {[%emt 0:00:02]} f4 {[%emt 0:00:01]} 52. gxf4+ {[%emt 0:00:02]} Kxf4 {[%emt 0:00:00]} 53. c4 {[%emt 0:00:00]} Ke5 {[%emt 0:00:03]} 54. Kc3 {[%emt 0:00:09]} a5 {[%emt 0:00:04]} 55. Kd3 {[%emt 0:00:08]} Kf5 {[%emt 0:00:05]} 56. c5 {[%emt 0:00:03]} Ke5 {[%emt 0:00:01]} 57. Kc4 {[%emt 0:00:02]} Kf4 {[%emt 0:00:02]} 58. c6 {[%emt 0:00:04]} Kg4 {[%emt 0:00:01]} 59. c7 {[%emt 0:00:01]} Kxh4 {[%emt 0:00:00]} 60. c8=Q {[%emt 0:00:01]} Kg3 {[%emt 0:00:00]} 61. Qc7+ {[%emt 0:00:02]} Kg2 {[%emt 0:00:01]} 62. Qf4 {[%emt 0:00:04]} Kh3 {[%emt 0:00:02]} 63. Qf3+ {[%emt 0:00:01]} Kh4 {[%emt 0:00:02]} 64. Qg2 {[%emt 0:00:04]} a3 {[%emt 0:00:03]} 65. bxa3 {[%emt 0:00:00]} a4 {[%emt 0:00:01]} 66. Qh2+ {[%emt 0:00:01]} Kg4 {[%emt 0:00:01]} 67. Kb4 {[%emt 0:00:01]} h4 {[%emt 0:00:01]} 68. Kxa4 {[%emt 0:00:00]} h3 {[%emt 0:00:01]} 69. Kb4 {[%emt 0:00:00]} Kh4 {[%emt 0:00:01]} 70. a4 {[%emt 0:00:00]} Kg4 {[%emt 0:00:00]} 71. a5 {[%emt 0:00:00] Haris kollari 13 resigns Haris kollari 13 resigns Haris kollari 13 resigns (Lag: Av=0.62s, max=1.7s) (Lag: Av=0.62s, max=1.7s) (Lag: Av=0.62s, max=1.7s)} 1-0

[Event "Stay Safe Play From Home 422"]
[Site "Emanuel Lasker Arena"]
[Date "2020.08.30"]
[Round "6"]
[White "Sadbat1122"]
[Black "Kongle"]
[Result "0-1"]
[WhiteElo "1652"]
[BlackElo "1741"]
[Annotator "NA"]
[PlyCount "54"]
[EventDate "2020.08.30"]
[EventType "swiss (blitz)"]
[TimeControl "300"]

1. e4 {[%emt 0:00:05]} d5 {[%emt 0:00:08]} 2. exd5 {[%emt 0:00:02]} Nf6 {[%emt 0:00:04]} 3. d4 {[%emt 0:00:02]} Nxd5 {[%emt 0:00:01]} 4. c4 {[%emt 0:00:02]} Nb4 {[%emt 0:00:01]} 5. Qa4+ {[%emt 0:00:11]} N8c6 {[%emt 0:00:04]} 6. d5 {[%emt 0:00:04]} b5 {[%emt 0:00:02]} 7. cxb5 {[%emt 0:00:21]} Qxd5 {[%emt 0:00:03]} 8. bxc6 {[%emt 0:00:06]} Qe4+ {[%emt 0:00:02]} 9. Be3 {[%emt 0:00:21]} Nc2+ {[%emt 0:00:07]} 10. Qxc2 {[%emt 0:00:06]} Qxc2 {[%emt 0:00:02]} 11. Nd2 {[%emt 0:00:07]} Qxb2 {[%emt 0:00:02]} 12. Rb1 {[%emt 0:00:02]} Qxa2 {[%emt 0:00:01]} 13. Bc4 {[%emt 0:00:03]} Qa5 {[%emt 0:00:04]} 14. Ngf3 {[%emt 0:00:03]} Bf5 {[%emt 0:00:08]} 15. Rd1 {[%emt 0:00:22]} e6 {[%emt 0:00:04]} 16. O-O {[%emt 0:00:03]} Bd6 {[%emt 0:00:10]} 17. Ra1 {[%emt 0:00:07]} Qb4 {[%emt 0:00:16]} 18. Nd4 {[%emt 0:00:18]} Bg6 {[%emt 0:00:20]} 19. h4 {[%emt 0:00:26]} O-O {[%emt 0:00:14]} 20. h5 {[%emt 0:00:09]} Bxh5 {[%emt 0:00:01]} 21. Rfb1 {[%emt 0:00:03]} Qc3 {[%emt 0:00:29]} 22. Rc1 {[%emt 0:00:21]} Qb4 {[%emt 0:00:13]} 23. Rab1 {[%emt 0:00:05]} Qa5 {[%emt 0:00:11]} 24. Rb5 {[%emt 0:00:03]} Qa3 {[%emt 0:00:03]} 25. N2b3 {[%emt 0:00:42]} Bg6 {[%emt 0:00:10]} 26. Ra1 {[%emt 0:00:11]} Qb2 {[%emt 0:00:03]} 27. Bc1 {[%emt 0:00:29]} Qc3 {[%emt 0:00:07] Time (Lag: Av=1.16s, max=3.5s)} 0-1

[Event "Stay Safe Play From Home 422"]
[Site "Emanuel Lasker Arena"]
[Date "2020.08.30"]
[Round "6"]
[White "Timbre"]
[Black "KING o KONG"]
[Result "1-0"]
[WhiteElo "1595"]
[BlackElo "1185"]
[Annotator "NA"]
[PlyCount "77"]
[EventDate "2020.08.30"]
[EventType "swiss (blitz)"]

1. d4 {[%emt 0:00:14]} d6 {[%emt 0:00:02]} 2. Nf3 {[%emt 0:00:01]} e6 {[%emt 0:00:02]} 3. c3 {[%emt 0:00:01]} h6 {[%emt 0:00:03]} 4. Bf4 {[%emt 0:00:02]} b6 {[%emt 0:00:02]} 5. e3 {[%emt 0:00:01]} Bb7 {[%emt 0:00:01]} 6. Be2 {[%emt 0:00:01]} Be7 {[%emt 0:00:02]} 7. Nbd2 {[%emt 0:00:01]} Nf6 {[%emt 0:00:01]} 8. O-O {[%emt 0:00:02]} Bc8 {[%emt 0:00:11]} 9. h3 {[%emt 0:00:02]} Nh5 {[%emt 0:00:03]} 10. Bh2 {[%emt 0:00:04]} Nc6 {[%emt 0:00:10]} 11. Qc2 {[%emt 0:00:02]} g5 {[%emt 0:00:02]} 12. e4 {[%emt 0:00:07]} Bd7 {[%emt 0:00:01]} 13. e5 {[%emt 0:00:04]} d5 {[%emt 0:00:02]} 14. Nb3 {[%emt 0:00:11]} a5 {[%emt 0:00:20]} 15. c4 {[%emt 0:00:02]} a4 {[%emt 0:00:03]} 16. Nbd2 {[%emt 0:00:02]} Nxd4 {[%emt 0:00:06]} 17. Nxd4 {[%emt 0:00:03]} Nf4 {[%emt 0:00:08]} 18. Bf3 {[%emt 0:00:08]} Nxg2 {[%emt 0:00:03]} 19. Kxg2 {[%emt 0:00:03]} Rg8 {[%emt 0:00:02]} 20. cxd5 {[%emt 0:00:04]} exd5 {[%emt 0:00:05]} 21. Bxd5 {[%emt 0:00:10]} c6 {[%emt 0:00:03]} 22. Bf3 {[%emt 0:00:05]} Qc7 {[%emt 0:00:02]} 23. Qe4 {[%emt 0:00:05]} O-O-O {[%emt 0:00:04]} 24. e6 {[%emt 0:00:04]} fxe6 {[%emt 0:00:06]} 25. Bxc7 {[%emt 0:00:04]} Kxc7 {[%emt 0:00:01]} 26. Nxe6+ {[%emt 0:00:04]} Bxe6 {[%emt 0:00:02]} 27. Qxe6 {[%emt 0:00:02]} Rxd2 {[%emt 0:00:02]} 28. Qxc6+ {[%emt 0:00:07]} Kb8 {[%emt 0:00:05]} 29. Qxb6+ {[%emt 0:00:02]} Kc8 {[%emt 0:00:02]} 30. Rac1+ {[%emt 0:00:02]} Kd7 {[%emt 0:00:03]} 31. Qc7+ {[%emt 0:00:07]} Ke8 {[%emt 0:00:02]} 32. Qc8+ {[%emt 0:00:06]} Kf7 {[%emt 0:00:01]} 33. Qc4+ {[%emt 0:00:04]} Ke8 {[%emt 0:00:06]} 34. Qxg8+ {[%emt 0:00:02]} Kd7 {[%emt 0:00:02]} 35. Qc8+ {[%emt 0:00:03]} Kd6 {[%emt 0:00:04]} 36. Qc6+ {[%emt 0:00:02]} Ke5 {[%emt 0:00:04]} 37. Rfe1+ {[%emt 0:00:01]} Kf5 {[%emt 0:00:03]} 38. Bg4+ {[%emt 0:00:02]} Kf4 {[%emt 0:00:03]} 39. Qe4# {[%emt 0:00:03] (Lag: Av=0.24s, max=0.8s) (Lag: Av=0.24s, max=0.8s) (Lag: Av=0.24s, max=0.8s) Mate Mate Mate} 1-0

[Event "Stay Safe Play From Home 422"]
[Site "Emanuel Lasker Arena"]
[Date "2020.08.30"]
[Round "6"]
[White "W Nelles"]
[Black "Ionelluca"]
[Result "0-1"]
[WhiteElo "1392"]
[BlackElo "2022"]
[PlyCount "58"]
[EventDate "2020.08.30"]
[EventType "swiss (blitz)"]

1. e4 {[%emt 0:00:07]} d6 {[%emt 0:00:05]} 2. d4 {[%emt 0:00:02]} Nf6 {[%emt 0:00:01]} 3. Nc3 {[%emt 0:00:02]} c6 {[%emt 0:00:01]} 4. Bg5 {[%emt 0:00:01]} Nbd7 {[%emt 0:00:01]} 5. Nf3 {[%emt 0:00:02]} e5 {[%emt 0:00:02]} 6. Bxf6 {[%emt 0:00:02]} Qxf6 {[%emt 0:00:02]} 7. d5 {[%emt 0:00:04]} Be7 {[%emt 0:00:06]} 8. Be2 {[%emt 0:00:09]} Nf8 {[%emt 0:00:01]} 9. O-O {[%emt 0:00:05]} Ng6 {[%emt 0:00:01]} 10. dxc6 {[%emt 0:00:07]} bxc6 {[%emt 0:00:01]} 11. a4 {[%emt 0:00:10]} Rb8 {[%emt 0:00:02]} 12. b3 {[%emt 0:00:02]} O-O {[%emt 0:00:03]} 13. Na2 {[%emt 0:00:02]} Nf4 {[%emt 0:00:02]} 14. Bc4 {[%emt 0:00:13]} Bg4 {[%emt 0:00:03]} 15. Kh1 {[%emt 0:00:14]} Rfd8 {[%emt 0:00:10]} 16. Nc3 {[%emt 0:00:11]} h5 {[%emt 0:00:51]} 17. Ne2 {[%emt 0:00:21]} Nxg2 {[%emt 0:00:03]} 18. Ng3 {[%emt 0:00:07]} Bxf3 {[%emt 0:00:02]} 19. Be2 {[%emt 0:00:12]} Ne3+ {[%emt 0:00:13]} 20. Bxf3 {[%emt 0:00:07]} Nxd1 {[%emt 0:00:01]} 21. Bxd1 {[%emt 0:00:05]} g6 {[%emt 0:00:01]} 22. f3 {[%emt 0:00:03]} h4 {[%emt 0:00:02]} 23. Nh5 {[%emt 0:00:11]} gxh5 {[%emt 0:00:08]} 24. Rg1+ {[%emt 0:00:01]} Kh8 {[%emt 0:00:01]} 25. Be2 {[%emt 0:00:06]} Rg8 {[%emt 0:00:02]} 26. Rxg8+ {[%emt 0:00:07]} Rxg8 {[%emt 0:00:02]} 27. Rg1 {[%emt 0:00:01]} Rxg1+ {[%emt 0:00:04]} 28. Kxg1 {[%emt 0:00:01]} Qf4 {[%emt 0:00:00]} 29. Kf2 {[%emt 0:00:03]} Qd2 {[%emt 0:00:01] W Nelles gibt auf W Nelles gibt auf W Nelles gibt auf (Lag: Av=0.69s, max=1.0s) (Lag: Av=0.69s, max=1.0s) (Lag: Av=0.69s, max=1.0s)} 0-1